Normal view
MARC view
Entry Topical Term
001 - CONTROL NUMBER
- control field: 22816
003 - CONTROL NUMBER IDENTIFIER
- control field: OSt
005 - DATE AND TIME OF LATEST TRANSACTION
- control field: 20230406200829.0
008 - FIXED-LENGTH DATA ELEMENTS
- fixed length control field: 230406|| aca||aabn | a|a d
040 ## - CATALOGING SOURCE
- Original cataloging agency: OSt
- Transcribing agency: OSt
150 ## - HEADING--TOPICAL TERM
- Topical term or geographic name entry element: လိၵ်ႈလၢႆးတႆး-ၶွၼ်ႇၾရႅၼ်ႉ
670 ## - SOURCE DATA FOUND
- Source citation: Work cat.: (OSt): ၽိုၼ်လိၵ်ႈၶူၼ်ႉၶႂႃႉပၢင်ၵုမ်ၶွၼ်ႇၾရႅၼ်ႉလိၵ်ႈလူင်ပွၵ်ႈၵမ်း (3)၊ တိူၵ်ႈသွၼ်လိၵ်ႈဝတ်ႉၵၢင်မိူင်း၊ ဝဵင်းလႃႈသဵဝ်ႈ။ , 2015